Catálogo

Vista normal Vista MARC

Entrada Personal Name

Número de registros utilizados en: 1

001 - CONTROL NUMBER

  • control field: 17852

003 - CONTROL NUMBER IDENTIFIER

  • control field: DLC

005 - DATE AND TIME OF LATEST TRANSACTION

  • control field: 20260216161105.0

008 - FIXED-LENGTH DATA ELEMENTS

  • fixed length control field: 801031n| azannaabn |a aaa

010 ## - LIBRARY OF CONGRESS CONTROL NUMBER

  • LC control number: n 80134348

035 ## - SYSTEM CONTROL NUMBER

  • System control number: (OCoLC)oca00514684

040 ## - CATALOGING SOURCE

  • Original cataloging agency: DLC
  • Language of cataloging: spa
  • Description conventions: rda
  • Transcribing agency: Mx-PuUPA
  • Modifying agency: DLC
  • Modifying agency: MX-SlUA
  • Modifying agency: HU
  • Modifying agency: Mx-PuUPA

046 ## - SPECIAL CODED DATES

  • Birth date: 1932
  • Source of date scheme: edtf

100 1# - HEADING--PERSONAL NAME

  • Personal name: Glashow, Sheldon L.,
  • Dates associated with a name: 1932-

373 ## - ASSOCIATED GROUP

  • Associated group: Universidad de Harvard
  • Associated group: Universidad de Carolina del Norte (1793-1962)
  • Source of term: naf

374 ## - OCCUPATION

  • Occupation: Autor

375 ## - GENDER

  • Gender: hombre

377 ## - ASSOCIATED LANGUAGE

  • Language code: eng

400 1# - SEE FROM TRACING--PERSONAL NAME

  • Personal name: Glashow, S. L.
  • Fuller form of name: (Sheldon L.)
  • Dates associated with a name: 1932-

670 ## - SOURCE DATA FOUND

  • Source citation: Workshop on Grand Unification, 1st, Univ. of N.H., 1980. First workshop on grand unification, 1980 (a.e.)
  • Information found: t.p. (Sheldon L. Glashow) CIP galley (Lyman Lab. of Physics, Harvard)

670 ## - SOURCE DATA FOUND

  • Source citation: Workshop on Grand Unification (3rd : 1982 : Univ. of N.C.). Third Workshop on Grand Unif., Univ. of N.C., Chapel Hill, Apr. 15-17, 1982, 1982:
  • Information found: CIP t.p. (Sheldon L. Glashow) data sheet (b. 1932)

670 ## - SOURCE DATA FOUND

  • Source citation: His Interactions, c1988:
  • Information found: t.p. (Sheldon Glashow) jkt. (Sheldon Lee Glashow)

670 ## - SOURCE DATA FOUND

  • Source citation: Symmetry and broken symmetry of elementary particle interactions, 1970 :
  • Information found: title page (editor S. L. Glashow , Harvard University, Cambridge, Mass.)